Public expenditure governance in Uganda. (Record no. 7391)

MARC details
000 -LEADER
fixed length control field 01524cam a2200409 i 4500
001 - CONTROL NUMBER
control field 21951868
003 - CONTROL NUMBER IDENTIFIER
control field OSt
005 - DATE AND TIME OF LATEST TRANSACTION
control field 20211026101539.0
008 - FIXED-LENGTH DATA ELEMENTS--GENERAL INFORMATION
fixed length control field 200320t20202020enkab b 001 0 eng d
010 ## - LIBRARY OF CONGRESS CONTROL NUMBER
LC control number 2020476630
020 ## - INTERNATIONAL STANDARD BOOK NUMBER
International Standard Book Number 9781909112810
020 ## - INTERNATIONAL STANDARD BOOK NUMBER
International Standard Book Number 190911281X
035 ## - SYSTEM CONTROL NUMBER
System control number (OCoLC)on1145082292
040 ## - CATALOGING SOURCE
Original cataloging agency YDX
Language of cataloging eng
Transcribing agency DDC
Description conventions rda
Modifying agency OCLCQ
-- ZCU
-- UAB
-- OCLCO
-- DLC
042 ## - AUTHENTICATION CODE
Authentication code lccopycat
043 ## - GEOGRAPHIC AREA CODE
Geographic area code f-ug---
050 00 - LIBRARY OF CONGRESS CALL NUMBER
Classification number HJ7929.3
Item number .P82 2020
082 ## - DEWEY DECIMAL CLASSIFICATION NUMBER
Classification number 336.39PUB 2020
100 ## - MAIN ENTRY--PERSONAL NAME
Personal name Mushemeza,Elijah Dickens; Bogere,George; Kavuma,Susan Namirembe;
9 (RLIN) 15135
245 00 - TITLE STATEMENT
Title Public expenditure governance in Uganda.
Remainder of title Inputs, Processes and Outcomes.
Statement of responsibility, etc. Edited by Mushemeza,Elijah Dickens; Bogere,George and Kavuma,Susan Namirembe;
264 #1 - PRODUCTION, PUBLICATION, DISTRIBUTION, MANUFACTURE, AND COPYRIGHT NOTICE
Place of production, publication, distribution, manufacture London ;
Name of producer, publisher, distributor, manufacturer Adonis & Abbey Publishers Ltd,
Date of production, publication, distribution, manufacture, or copyright notice 2020
300 ## - PHYSICAL DESCRIPTION
Extent xix,226p;
Other physical details illustrations, maps ;
Dimensions 24cm
336 ## - CONTENT TYPE
Content type term text
Content type code txt
Source rdacontent
336 ## - CONTENT TYPE
Content type term still image
Content type code sti
Source rdacontent
336 ## - CONTENT TYPE
Content type term cartographic image
Content type code cri
Source rdacontent
337 ## - MEDIA TYPE
Media type term unmediated
Media type code n
Source rdamedia
338 ## - CARRIER TYPE
Carrier type term volume
Carrier type code nc
Source rdacarrier
504 ## - BIBLIOGRAPHY, ETC. NOTE
Bibliography, etc Includes; bibliographical references and index.
650 #0 - SUBJECT ADDED ENTRY--TOPICAL TERM
Topical term or geographic name as entry element Economics.
9 (RLIN) 975
700 1# - ADDED ENTRY--PERSONAL NAME
Personal name Mushemeza, Elijah Dickens,
Relator term editor.
9 (RLIN) 15136
700 1# - ADDED ENTRY--PERSONAL NAME
Personal name Bogere, George,
Relator term editor.
9 (RLIN) 15137
700 1# - ADDED ENTRY--PERSONAL NAME
Personal name Kavuma, Susan N.,
Relator term editor.
9 (RLIN) 15138
906 ## - LOCAL DATA ELEMENT F, LDF (RLIN)
a 7
b cbc
c copycat
d 3
e ncip
f 20
g y-gencatlg
942 ## - ADDED ENTRY ELEMENTS (KOHA)
Source of classification or shelving scheme Dewey Decimal Classification
Koha item type Open Shelf
Holdings
Withdrawn status Lost status Source of classification or shelving scheme Damaged status Not for loan Home library Current library Date acquired Source of acquisition Inventory number Total Checkouts Full call number Barcode Date last seen Price effective from Koha item type
    Dewey Decimal Classification     MUST Main Library MUST Main Library 26/10/2021 Purchase. 20/41379   336.39PUB 2020 2021-1542 26/10/2021 26/10/2021 Open Shelf